Financovanie prenesených a originálnych kompetencií vo vybranej miestnej samospráve diplomová práca

Gespeichert in:
Bibliographische Detailangaben
1. Verfasser: Orosová, Mária
Körperschaft: Národohospodárska fakulta EU. Katedra financií
Weitere Verfasser: Brindzová, Zuzana
Format: Buch
Sprache:Slowakisch
Veröffentlicht: Bratislava 2017
Tags: Tag hinzufügen
Keine Tags, Fügen Sie das erste Tag hinzu!

MARC

LEADER 00000nbm a2200000 4500
001 0231876
005 20171127150155.3
041 0 |a slo 
044 |a SK 
245 1 0 |a Financovanie prenesených a originálnych kompetencií vo vybranej miestnej samospráve  |b diplomová práca  |c Mária Orosová ; školiteľ: Zuzana Brindzová 
264 1 |a Bratislava  |c 2017 
300 |a 68 s. 
100 1 |a Orosová, Mária 
700 1 |a Brindzová, Zuzana 
710 2 |a Národohospodárska fakulta EU. Katedra financií